00769nam a22002417a 4500003000500000005001700005008004100022010001000063011001000073035001000083040000900093082001500102100002100117245011400138260003200252300003100284490004700315650003200362650003200394650003200426700002200458830004700480CHAP20220329134312.0971013s1978 r 00010 d a18416 a19388 a23473 cCHAP a636.2bB6600aBoer, H. deeed. aPatterns of growth and development in cattle ; a seminar in the EEC Programme of Coordination of Research.... aThe Hague :bNijhoff,c1978 a767 p.b: ilus. ; grágs. aCurrent topics in veterinary medicinev; 214aCarne de resxProducción.14aGanado vacunoxCrecimiento.14aGanado vacunoxNutrición.0 aMartín, J.eed.0 aCurrent topics in veterinary medicinev; 2